000 00936nam a22003257a 4500
001 BR7000572
003 BR-BrBNA
005 20230928083611.0
007 ta
008 230509b bl.||||| |||| 00| 0 por d
040 _aBR-BrBNA
_bpor
_cBiblioteca Nacional de Agricultura
041 _a(Por)
072 _aE70; E10
_b4440
_b/G514
090 _ 4440 BR7000572
110 1 _aCeara Pescas S.A. Companhia de Desenvolvimento, Fortaleza (Brasil)
_91353
245 1 _aUnidades armazenadoras - distribuidoras [Ceara; Brasil]
_bProjeto de implantacao
260 3 _aFortaleza, CE (Brasil):
_c[nd].
300 _a93 p.
500 _a70 tables; Published after 1970
650 _aComercializacao
650 _aMacroeconomia
650 _aArmazem
650 _aArmazenamento
650 _aCapital
650 _aCusto
650 _aInstalacao agricola
650 _aCeara
909 _a202309
_bLucia
_c55
_dLucia Elande
942 _cBK
999 _c14404
_d14404